| 000 | 01118nam a22002657a 4500 | ||
|---|---|---|---|
| 005 | 20170124103202.0 | ||
| 010 | _aA-762536 | ||
| 020 | _c85.00 | ||
| 035 | _aA-762536 | ||
| 037 | _bCen Lib/Ret | ||
| 040 |
_aDPL _bHN |
||
| 082 |
_a530 _bअग्रवा |
||
| 100 |
_aअग्रवाल, जी.जी. _992022 |
||
| 245 |
_aभौतिकी / _cजी.जी. अग्रवाल [एवं] पंकजकुमार शिवास्तव |
||
| 246 |
_abhautiki / _bby G.G. Agarval [evam] Pankajkumar Shreevastava |
||
| 260 |
_aआगरा _bराम प्रसाद एंड संस _c1995 |
||
| 270 |
_bआगरा _aअस्पताल रोड _e3 |
||
| 300 |
_aviii,194पृ. _c22सेमी(सजिल्द ) |
||
| 650 |
_aभौतिकी _x _z _992023 |
||
| 650 |
_aभौतिकी--सदिश राशीयाँ _943925 |
||
| 650 |
_aPhysics _992024 |
||
| 650 |
_aPhysics - Vector Rashiya _992025 |
||
| 700 |
_aश्रीवास्तव, पंकजकुमार _944241 |
||
| 942 |
_2ddc _cHN _h530 _mअग्रवा |
||
| 999 |
_c120701 _d120701 |
||